Statistiques concernant Les 100 plus grandes Aires Urbaines du Monde (2019)

Cliquez ici pour prendre le quiz!

Statistiques générales

  • Ce quiz a été pris 153 fois
  • Le résultat moyen est 66 sur 100

Statistiques - réponses

RangPaysAire Urbaine% Correct
1.JaponTokyo
100%
11.ChinePékin
98%
4.Corée du SudSéoul
97%
8.États-UnisNew York
96%
34.FranceParis
96%
5.IndeBombay
95%
3.IndeDelhi
95%
9.ÉgypteLe Caire
95%
16.États-UnisLos Angeles
95%
23.RussieMoscou
95%
36.BrésilRio de Janeiro
95%
2.IndonésieJakarta
93%
26.Royaume-UniLondres
93%
13.MexiqueMexico
93%
22.ArgentineBuenos Aires
92%
24.TurquieIstanbul
92%
52.ItalieMilan
92%
12.BrésilSão Paulo
92%
6.ChineShanghai
92%
79.EspagneMadrid
90%
46.États-UnisChicago
89%
14.JaponKeihanshin (Osaka/Kyoto/Kobe)
89%
7.PhilippinesManille
88%
63.AlgérieAlger
87%
15.ThaïlandeBangkok
87%
92.EspagneBarcelone
85%
61.Pays-BasRandstad (Amsterdam/La Haye/Rotterdam)
85%
57.SingapourSingapour
85%
94.TurquieAnkara
84%
21.IranTéhéran
84%
42.ColombieBogota
83%
47.États-UnisWashington
83%
31.IrakBagdad
82%
43.PérouLima
82%
76.États-UnisMiami
82%
37.République Démocratique du CongoKinshasa
81%
10.NigeriaLagos
81%
17BangladeshDacca
80%
56.États-UnisBoston
79%
29.Afrique du SudGauteng (Johannesburg/Pretoria)
79%
65.Viêt NamHanoï
79%
51.KenyaNairobi
79%
96.RussieSaint-Pétersbourg
79%
48.TaïwanTaipei
79%
80.CanadaToronto
79%
55.MalaisieKuala Lumpur
78%
49.États-UnisSan Francisco - San José
78%
18.IndeCalcutta
77%
64.États-UnisDallas
76%
91.Émirats Arabes UnisDubaï
76%
60.PakistanIslamabad - Rawalpindi
76%
66.ChiliSantiago
76%
82.Arabie SaouditeRiyad
75%
100.ÉgypteAlexandrie
73%
33.ChineCanton
73%
38.AllemagneRhin-Ruhr
73%
28.Viêt NamHô-Chi-Minh-Ville
71%
53.AngolaLuanda
71%
71.SoudanKhartoum
70%
73.États-UnisHouston
69%
19.PakistanKarachi
69%
72.États-UnisPhiladelphie
69%
67.ChineHong Kong
68%
83.JordanieAmman
67%
97.États-Unis/MexiqueSan Diego - Tijuana
66%
95.États-UnisDétroit
63%
86.Sri LankaColombo
60%
78.États-UnisAtlanta
59%
90.TanzanieDar es Salam
56%
39.JAponNagoya
54%
87.BrésilBelo Horizonte
52%
35.PakistanLahore
52%
30.IndeBangalore
51%
45.ChineWuhan
48%
59.Corée du SudBusan
47%
68.BirmanieRangoon
47%
44.ChineShenzhen
47%
32.IndeChennai
44%
89.ChineXi'an
44%
40.ChineTianjin
40%
25.IndeHyderabad
37%
20.ChineChongqing
34%
50.IndonésieBandung
31%
27.ChineChengdu
31%
58.IndeAhmedabad
29%
41.IndonésieSurabaya
28%
74.ChineNankin
27%
81.IndePune
25%
99.ChineHarbin
22%
88.ChineHangzhou
20%
85.NigeriaIbadan
20%
77.IndeSurate
20%
75.ChineShenyang
18%
98.IndonésieMedan
16%
62.PakistanFaisalabad
15%
93.ChineShantou
12%
54.ChineDongguan
11%
70.IndonésieSemarang
11%
84.IndonésieSurakarta
8%
69.ChineFoshan
6%

Distribution des résultats

Percentile par nombre de réponses

% des personnes avec chaque résultat

Votre développement - résultats

Vous n’avez pas pris ce quiz